Полимерные композиционные материалы: учебное пособие
| Yazar: | |
|---|---|
| Müşterek Yazar: | |
| Diğer Yazarlar: | |
| Özet: | Заглавие с титульного экрана Электронная версия печатной публикации В пособии изложены общие сведения о композитах, принципы создания полимерных композицонных материалов. Приводятся основные технологические методы получения композиционных материалов и методы формования изделий на их основе. Содержатся данные об особенностях структуры и свойства основных видов полимерных композитов: дисперсно- газонаполненных, армированных волокнами, смесях полимеров, пластифицированных пластмасс. Предназначено для студентов и магистрантов, обучающихся по направлению 240100 "Химическая технология". Режим доступа: из корпоративной сети ТПУ |
| Dil: | Rusça |
| Baskı/Yayın Bilgisi: |
Томск, Изд-во ТПУ, 2013
|
| Konular: | |
| Online Erişim: | http://www.lib.tpu.ru/fulltext2/m/2013/m280.pdf |
| Materyal Türü: | MixedMaterials Elektronik Kitap |
| KOHA link: | https://koha.lib.tpu.ru/cgi-bin/koha/opac-detail.pl?biblionumber=246211 |
MARC
| LEADER | 00000nlm0a2200000 4500 | ||
|---|---|---|---|
| 001 | 246211 | ||
| 005 | 20240119165524.0 | ||
| 035 | |a (RuTPU)RU\TPU\book\267654 | ||
| 090 | |a 246211 | ||
| 100 | |a 20131126d2013 m y0rusy50 ca | ||
| 101 | 0 | |a rus | |
| 102 | |a RU | ||
| 105 | |a a j 001zy | ||
| 135 | |a drcn ---uucaa | ||
| 181 | 0 | |a i | |
| 182 | 0 | |a b | |
| 200 | 1 | |a Полимерные композиционные материалы |e учебное пособие |f Л. И. Бондалетова, В. Г. Бондалетов |g Национальный исследовательский Томский политехнический университет (ТПУ), Институт природных ресурсов (ИПР), Кафедра технологии органических веществ и полимерных материалов (ТОВПМ) | |
| 203 | |a Текст |c электронный | ||
| 210 | |a Томск |c Изд-во ТПУ |d 2013 | ||
| 300 | |a Заглавие с титульного экрана | ||
| 300 | |a Электронная версия печатной публикации | ||
| 330 | |a В пособии изложены общие сведения о композитах, принципы создания полимерных композицонных материалов. Приводятся основные технологические методы получения композиционных материалов и методы формования изделий на их основе. Содержатся данные об особенностях структуры и свойства основных видов полимерных композитов: дисперсно- газонаполненных, армированных волокнами, смесях полимеров, пластифицированных пластмасс. Предназначено для студентов и магистрантов, обучающихся по направлению 240100 "Химическая технология". | ||
| 333 | |a Режим доступа: из корпоративной сети ТПУ | ||
| 337 | |a Adobe Reader | ||
| 606 | 1 | |a Композиционные материалы полимерные |2 stltpush |3 (RuTPU)RU\TPU\subj\15051 |9 41349 | |
| 610 | 1 | |a электронный ресурс | |
| 610 | 1 | |a учебные пособия | |
| 610 | 1 | |a труды учёных ТПУ | |
| 610 | 1 | |a композиты | |
| 610 | 1 | |a полимеры | |
| 610 | 1 | |a матричные материалы | |
| 610 | 1 | |a полимерные матрицы | |
| 610 | 1 | |a металлические матрицы | |
| 610 | 1 | |a термореактивные полимеры | |
| 610 | 1 | |a термопластичные полимеры | |
| 610 | 1 | |a эластомеры | |
| 610 | 1 | |a керамические матрицы | |
| 610 | 1 | |a дисперсные наполнители | |
| 610 | 1 | |a волокнистые наполнители | |
| 610 | 1 | |a листовые наполнители | |
| 610 | 1 | |a стеклянные волокна | |
| 610 | 1 | |a углеродные волокна | |
| 610 | 1 | |a борные волокна | |
| 610 | 1 | |a органические волокна | |
| 610 | 1 | |a ПКМ | |
| 610 | 1 | |a получение | |
| 610 | 1 | |a технология | |
| 675 | |a 620.22-419.8(075.8) |v 3 | ||
| 700 | 1 | |a Бондалетова |b Л. И. |c химик-технолог |c доцент Томского политехнического университета, кандидат химических наук |f 1956- |g Людмила Ивановна |3 (RuTPU)RU\TPU\pers\25852 |9 11721 | |
| 701 | 1 | |a Бондалетов |b В. Г. |c химик-технолог |c профессор Томского политехнического университета, доктор технических наук |f 1957- |g Владимир Григорьевич |3 (RuTPU)RU\TPU\pers\25605 |9 11534 | |
| 712 | 0 | 2 | |a Национальный исследовательский Томский политехнический университет (ТПУ) |b Институт природных ресурсов (ИПР) |b Кафедра технологии органических веществ и полимерных материалов (ТОВПМ) |3 (RuTPU)RU\TPU\col\18659 |
| 801 | 1 | |a RU |b 63413507 |c 20131126 | |
| 801 | 2 | |a RU |b 63413507 |c 20160614 |g RCR | |
| 856 | 4 | |u http://www.lib.tpu.ru/fulltext2/m/2013/m280.pdf | |
| 942 | |c CF | ||